[Event "IECC M email"]
[Site "IECC email"]
[Date "2002.08.24"]
[Round "?"]
[White "Cornett, Paul"]
[Black "Varas, Pablo"]
[Result "1-0"]
[WhiteElo "1053"]
[BlackElo "1082"]
[PlyCount "31"]
[EventDate "2002.??.??"]
[EventType "tourn (corr)"]
[EventRounds "6"]
[SourceTitle "Corr 2008"]
[Source "ChessBase"]
[SourceDate "2008.06.24"]
[SourceVersion "1"]
[SourceVersionDate "2008.06.24"]
[SourceQuality "1"]

1. d4 Nf6 2. c4 e6 3. Nf3 d5 4. Nc3 c6 5. Bg5 dxc4 6. e4 Qa5 7. Bxf6 gxf6 8. a3 b5 9. Be2 Rg8 10. 0-0 Qc7 11. e5 Nd7 12. Qc2 fxe5 13. Qxh7 Nf6 14. Qh4 Rg4 15. Qxf6 Bg7 16. Qxe5 1-0

[Event "IECC Trio 760 email"]
[Site "IECC email"]
[Date "1999.06.18"]
[Round "?"]
[White "Passmoor, Lee"]
[Black "Cornett, Paul"]
[Result "1-0"]
[WhiteElo "1184"]
[BlackElo "1033"]
[PlyCount "35"]
[EventDate "1999.??.??"]
[EventType "tourn (corr)"]
[EventRounds "4"]
[SourceTitle "Corr 2008"]
[Source "ChessBase"]
[SourceDate "2008.06.24"]
[SourceVersion "1"]
[SourceVersionDate "2008.06.24"]
[SourceQuality "1"]

1. e4 e5 2. Nf3 Nc6 3. d4 exd4 4. Nxd4 Nf6 5. f3 Bc5 6. Be3 Nxd4 7. Bxd4 Bxd4 8. Qxd4 0-0 9. Nc3 d6 10. 0-0-0 Be6 11. Bc4 Qd7 12. g4 h6 13. h4 Bxc4 14. Qxc4 a6 15. g5 b5 16. Qd3 Nh5 17. gxh6 gxh6 18. Nd5 1-0

[Event "IECC KO email"]
[Site "IECC email"]
[Date "1999.02.26"]
[Round "?"]
[White "Cornett, Paul"]
[Black "Ross, John E"]
[Result "1/2-1/2"]
[WhiteElo "1003"]
[BlackElo "1200"]
[PlyCount "74"]
[EventDate "1999.??.??"]
[EventType "tourn (corr)"]
[EventRounds "6"]
[SourceTitle "Corr 2008"]
[Source "ChessBase"]
[SourceDate "2008.06.24"]
[SourceVersion "1"]
[SourceVersionDate "2008.06.24"]
[SourceQuality "1"]

1. e4 e5 2. Nf3 Nf6 3. Bc4 Nc6 4. Nc3 Bc5 5. 0-0 0-0 6. d3 a6 7. Nd5 b5 8. Bb3 a5 9. a3 h6 10. Qe2 Bb7 11. Be3 Nd4 12. Nxd4 exd4 13. Nxf6+ Qxf6 14. Bd2 a4 15. Qh5 d6 16. Bd5 c6 17. Ba2 Rae8 18. f4 Kh7 19. f5 Re5 20. Rf3 d5 21. exd5 cxd5 22. Re1 Rfe8 23. Rff1 Rxe1 24. Rxe1 Rxe1+ 25. Bxe1 g6 26. fxg6+ fxg6 27. Qg4 h5 28. Qd7+ Qe7 29. Qxe7+ Bxe7 30. Ba5 g5 31. Bb6 Bf6 32. Kf2 g4 33. h3 Be5 34. hxg4 hxg4 35. Bc5 Kg6 36. Bb4 Kf5 37. g3 Ba8 1/2-1/2

[Event "IECC O email"]
[Site "IECC email"]
[Date "1998.12.16"]
[Round "?"]
[White "Snyman, Johann"]
[Black "Cornett, Paul"]
[Result "0-1"]
[WhiteElo "1052"]
[BlackElo "986"]
[PlyCount "68"]
[EventDate "1998.??.??"]
[EventType "tourn (corr)"]
[EventRounds "6"]
[SourceTitle "Corr 2008"]
[Source "ChessBase"]
[SourceDate "2008.06.24"]
[SourceVersion "1"]
[SourceVersionDate "2008.06.24"]
[SourceQuality "1"]

1. e4 e5 2. Nf3 Nc6 3. Nc3 Nf6 4. Bc4 Bc5 5. d3 h6 6. 0-0 0-0 7. Be3 Bxe3 8. fxe3 d6 9. Nd5 Bg4 10. h3 Be6 11. Nxf6+ Qxf6 12. Nd4 Qe7 13. Nxe6 fxe6 14. Qg4 Rfe8 15. Qg6 Na5 16. Bb3 Nxb3 17. axb3 a6 18. b4 Rf8 19. c4 Rf6 20. Rxf6 Qxf6 21. Qxf6 gxf6 22. g4 Kg7 23. Kf2 Kg6 24. Kf3 Rd8 25. h4 h5 26. Kg3 hxg4 27. Kxg4 f5+ 28. Kh3 Rg8 29. exf5+ exf5 30. e4 f4 31. b5 axb5 32. cxb5 Kh5 33. Rc1 Rg7 34. b6 Rg3+ 0-1

[Event "IECC Quad-603 email"]
[Site "IECC email"]
[Date "1998.09.02"]
[Round "?"]
[White "Cornett, Paul"]
[Black "Hutton, Andrew D"]
[Result "0-1"]
[WhiteElo "977"]
[BlackElo "1126"]
[PlyCount "50"]
[EventDate "1998.??.??"]
[EventType "tourn (corr)"]
[EventRounds "6"]
[SourceTitle "Corr 2008"]
[Source "ChessBase"]
[SourceDate "2008.06.24"]
[SourceVersion "1"]
[SourceVersionDate "2008.06.24"]
[SourceQuality "1"]

1. e4 e5 2. Nf3 d6 3. c3 Nf6 4. d4 Nbd7 5. Bd3 g6 6. 0-0 Bg7 7. Bg5 0-0 8. Nbd2 h6 9. Bh4 c5 10. Rc1 b6 11. Nc4 g5 12. Nxg5 hxg5 13. Bxg5 Qe7 14. a3 cxd4 15. cxd4 exd4 16. Qf3 Ne5 17. Nxe5 dxe5 18. Rc6 Be6 19. Rfc1 Rfc8 20. Bb5 Rxc6 21. Rxc6 Rc8 22. Rxc8+ Bxc8 23. Bc4 Qc7 24. Qb3 Nxe4 25. Bxf7+ Qxf7 0-1

[Event "IECC Quad-603 email"]
[Site "IECC email"]
[Date "1998.09.02"]
[Round "?"]
[White "Cornett, Paul"]
[Black "Karlsson, Roger"]
[Result "0-1"]
[WhiteElo "981"]
[BlackElo "1003"]
[PlyCount "96"]
[EventDate "1998.??.??"]
[EventType "tourn (corr)"]
[EventRounds "6"]
[SourceTitle "Corr 2008"]
[Source "ChessBase"]
[SourceDate "2008.06.24"]
[SourceVersion "1"]
[SourceVersionDate "2008.06.24"]
[SourceQuality "1"]

1. d4 d5 2. c4 e6 3. Nc3 Nf6 4. Bg5 Be7 5. Nf3 0-0 6. e3 Ne4 7. Nxe4 dxe4 8. Bxe7 Qxe7 9. Nd2 f5 10. Be2 e5 11. dxe5 Qxe5 12. Qb3 Be6 13. Qxb7 Nd7 14. 0-0 Rab8 15. Qc6 Rxb2 16. Rad1 Rxa2 17. Nb3 Rxe2 18. Nd4 Nb8 19. Qxe6+ Qxe6 20. Nxe6 Rf6 21. Nd4 Ra2 22. Rb1 Nc6 23. Ra1 Rxa1 24. Rxa1 Nxd4 25. exd4 a6 26. c5 Kf7 27. Kf1 f4 28. Ra3 g5 29. Rh3 h6 30. Ke2 f3+ 31. gxf3 exf3+ 32. Rxf3 Rxf3 33. Kxf3 a5 34. Ke3 a4 35. Kd3 a3 36. Kc2 a2 37. Kb2 Ke6 38. Kxa2 Kd5 39. Kb3 Kxd4 40. Kb4 Kd5 41. Kb5 c6+ 42. Kb4 h5 43. h3 g4 44. hxg4 hxg4 45. Kc3 Kxc5 46. Kd3 Kd5 47. Ke3 Ke5 48. Kd3 Kf4 0-1

[Event "IECC M email"]
[Site "IECC email"]
[Date "1998.06.13"]
[Round "?"]
[White "Cornett, Paul"]
[Black "Fantoni, Franco"]
[Result "0-1"]
[WhiteElo "1000"]
[BlackElo "1032"]
[PlyCount "34"]
[EventDate "1998.??.??"]
[EventType "tourn (corr)"]
[EventRounds "12"]
[SourceTitle "Corr 2008"]
[Source "ChessBase"]
[SourceDate "2008.06.24"]
[SourceVersion "1"]
[SourceVersionDate "2008.06.24"]
[SourceQuality "1"]

1. c4 e5 2. Nc3 Nc6 3. Nf3 Bb4 4. Qc2 Nf6 5. a3 Bxc3 6. Qxc3 e4 7. Ng5 d5 8. d4 h6 9. Nh3 dxc4 10. Bf4 Bxh3 11. gxh3 Nd5 12. Qg3 Nxf4 13. Qxf4 Qxd4 14. Qd2 0-0-0 15. Qxd4 Nxd4 16. Rc1 Rd5 17. e3 Nf3+ 0-1